000
00331nam a2200133 a 4500
005
20140414093843.0
008
090424s19uu xx 00 eng d
050
_a
DVD 791.43
_b
AMI 1999
100
_a
Spielberg, Steven
245
_a
Amistad /
_c
Steven Spielberg.
650
_a
Motion pictures.
942
_c
AVM
999
_c
109445
_d
109445